| 000 | 00848cam a22002651 4500 | ||
|---|---|---|---|
| 001 | hew60000096 | ||
| 003 | DLC | ||
| 005 | 20260227111510.0 | ||
| 008 | 750408s1960 dcu 000 0 eng | ||
| 010 | _ahew60000096 | ||
| 035 | _a(OCoLC)1260971 | ||
| 040 |
_aDLC _cTxU-Da _dISS _dOCoLC _dDLC |
||
| 042 | _apremarc | ||
| 050 | 0 | 0 |
_aLB2341 _b.D8 |
| 082 | _a378.1 | ||
| 086 | 0 | _aFS 5.250:50013 | |
| 100 | 1 | _aDuryea, Edwin D. | |
| 245 | 1 | 0 | _aManagement of learning. |
| 260 |
_a[Washington] _bU.S. Dept. of Health, Education, and Welfare, Office of Education _c[1960] |
||
| 300 |
_av, 37 p. _c23 cm. |
||
| 410 | 1 | 0 |
_aUnited States. _bOffice of Education. _bDivision of Higher Education. _tNew dimensions in higher education, _vno. 5 |
| 500 | _a"OE-50013." | ||
| 650 | 0 |
_aUniversities and colleges _xAdministration. |
|
| 650 | 0 | _aEducation, Higher. | |
| 999 |
_c34258 _d34258 |
||